All night at Mr. Stanyhurst's /

Bibliographic Details
Main Author: Edwards, Hugh, 1878-1952
Format: Book
Language:English
Published: New York : Macmillan, 1963.

MARC

Tag First Indicator Second Indicator Subfields
LEADER 00000cam a2200000 4500
001 in00000021830
005 20151007063743.0
008 770319s1963 nyua 00001 eng
010 |a  63018594  
035 |a (OCoLC)02815333 
035 |9 AAD8169AM 
040 |a DLC  |c IAT  |d TXA  |d UtOrBLW 
049 |a TXAM  |c [361112] 
050 0 0 |a PZ3.E2634  |b Al3 
090 |a PR6009.D727  |b A65 1963 
092 |a 823  |b E26a 
100 1 |a Edwards, Hugh,  |d 1878-1952. 
245 1 0 |a All night at Mr. Stanyhurst's /  |c Hugh Edwards ; with an introduction by Ian Fleming. 
264 1 |a New York :  |b Macmillan,  |c 1963. 
300 |a xx, 196 pages :  |b illustrations ;  |c 20 cm. 
336 |a text  |b txt  |2 rdacontent 
337 |a unmediated  |b n  |2 rdamedia 
338 |a volume  |b nc  |2 rdacarrier 
999 |a MARS 
999 f f |s 07720892-dd1d-3ebd-a70b-3188b91d5261  |i f18c93d7-72fe-320f-a2fa-b5b2338fd2ec  |t 0 
952 f f |p ric  |a Texas A&M University  |b Rellis Campus  |c Joint Library Facility  |d Remote Storage  |t 0  |e PR6009.D727 A65 1963  |h Library of Congress classification  |i unmediated -- volume  |m A14801317431 
998 f f |a PR6009.D727 A65 1963  |t 0  |l Remote Storage